| 000 | 00654nam a2200229 a 4500 | ||
|---|---|---|---|
| 001 | 61394 | ||
| 003 | BD-RjUL | ||
| 005 | 20211209080945.0 | ||
| 008 | 170117m19531948enka 001 0 eng d | ||
| 035 | _a(BD-RjUL)61518 | ||
| 040 |
_aEQO _cEQO _beng _dBD-RjUL |
||
| 041 | _aeng | ||
| 082 |
_223 _a657.42 _bWHC 1953 |
||
| 100 | 1 |
_aWheldon, Harold J. _9183041 |
|
| 245 | 1 | 0 |
_aCost accounting and costing methods / _cHarold J. Wheldon |
| 250 | _a9th ed. | ||
| 260 |
_aLondon : _bMacdonald & Evans, _c1948 [ Reprinted 1953] |
||
| 300 |
_axviii, 538 p. : _bill ; _c24 cm. |
||
| 500 | _aInclude index. | ||
| 650 |
_aCost accounting. _9176383 |
||
| 942 |
_2ddc _cBK |
||
| 999 |
_c61394 _d61394 |
||